Normal view MARC view
  • Cranfield University Centre for Competition and Regulation Research

Entry Corporate Name

Number of records used in: 1

001 - CONTROL NUMBER

  • control field: 4969

003 - CONTROL NUMBER IDENTIFIER

  • control field: SIRSI

005 - DATE AND TIME OF LATEST TRANSACTION

  • control field: 20190806150239.0

008 - FIXED-LENGTH DATA ELEMENTS

  • fixed length control field: 060629n| aaannaabn |n ana d

040 ## - CATALOGING SOURCE

  • Original cataloging agency: OSt
  • Transcribing agency: OSt

110 2# - HEADING--CORPORATE NAME

  • Corporate name or jurisdiction name as entry element: Cranfield University Centre for Competition and Regulation Research

670 ## - SOURCE DATA FOUND

  • Source citation: The future of regulation of the affordable housing sector in England, 2006